Name the title tracks of the Most Popular K-pop Boy Groups - Statistics

General Stats
  • This quiz has been taken 105 times
    86 since last reset
  • The average score is 34 of 122
Answer Stats
Answer % Correct
No More Dream
78%
N.O
68%
Blood Sweat & Tears
67%
ON
65%
Run
65%
Butter
62%
Dynamite
60%
FIRE
60%
DNA
58%
Boy In Luv
53%
DOPE
53%
IDOL
53%
Boy With Luv
52%
Permission to Dance
50%
FAKE LOVE
48%
God’s Menu
48%
Just One Day
48%
Save ME
48%
We Are Bulletproof Pt.2
48%
Hellevator
47%
I NEED U
47%
S-Class
47%
Danger
45%
Spring Day
45%
District 9
43%
War of Hormone
42%
Adore U
40%
Chk Chk Boom
40%
MANIAC
40%
Not Today
40%
Yet To Come
40%
Life Goes On
38%
MANSAE
38%
Back Door
37%
Growl
37%
HOME;RUN
37%
MIC Drop
37%
Thunderous
37%
XO (Only If You Say Yes)
37%
Black Swan
35%
HOT
35%
LALALALA
35%
Love Shot
35%
MAESTRO
35%
SUPER
35%
Home
33%
Darl+ing
32%
MAMA
32%
Monster
32%
Pretty U
32%
VERY NICE
30%
Walkin On Water
30%
CASE 143
28%
CLAP
28%
Don’t Wanna Cry
28%
God of Music
28%
MIROH
28%
Wolf
28%
Christmas EveL
27%
Ko Ko Bop
27%
Rock With You
27%
CALL ME BABY
25%
Cream Soda
25%
Easy
25%
Left & Right
25%
Levanter
25%
My Pace
25%
HIT
23%
LOVE ME RIGHT
23%
_WORLD
23%
Obsession
22%
Tempo
22%
Don't fight the feeling
20%
GIANT
20%
Lotto
20%
Make It Right
20%
Overdose
20%
Power
20%
Side Effects
20%
Brought The Heat Back
18%
Fear
18%
I am YOU
17%
Ice On My Teeth
17%
Oh My!
17%
Walk
17%
BOOMBOOM
15%
Get Cool
15%
History
15%
THANKS
15%
Lucky One
13%
Stay Gold
13%
Universe
13%
WHAT IS LOVE
13%
Winter Falls
13%
Double Knot
12%
Miracles in december
12%
Astronaut
10%
For Life
10%
Hear Me Out
10%
Let Me In
10%
Love Letter
10%
Sing For You
10%
Awkward Silence
8%
Getting Closer
8%
Grow Up
8%
When I'm With You
8%
DREAM
7%
My My
7%
Time Out
7%
Birthday
5%
Mixtape: Gone Days
5%
Mixtape: OH
5%
Mixtape: On Track
5%
Healing
3%
HIGH FIVE
3%
Rains in Heaven
3%
Smile Flower
3%
FREQUENCY
2%
Go Higher
2%
Hush-Hush
2%
Mixtape - ‘Check In’
0%
Moonlight
0%
No matching quizzes found
Score Distribution
Percent of People with Each Score
Percentile by Number Answered
Your Score History
You have not taken this quiz since the last reset